000 00428nam a2200169 a 4500
082 0 0 _a920
_a291.172
_bRAH
100 _aRahbar, Daud
245 _aMemories and Meanings
260 _aBoston
_bDaud Rahbar
_c1985
300 _a638p
500 _aincludes index and biblioraphy
505 2 _aindex
650 _aReconciliation-Interfaith Musl Chri
650 _aDaud Rahbar-Autobiography
700 1 _aRahbar, Daud
942 _cBK
999 _c6854
_d6854